Leadership:-KamYab Zindagi Ki Philosophy (urdu) (Record no. 311754)

000 -LEADER
fixed length control field 00357 a2200133 4500
001 - CONTROL NUMBER
control field 76681
082 ## - DEWEY DECIMAL CLASSIFICATION NUMBER
Classification number 303.34 FAR
090 ## - LOCALLY ASSIGNED LC-TYPE CALL NUMBER (OCLC); LOCAL CALL NUMBER (RLIN)
-- 39199
-- 39199
100 ## - MAIN ENTRY--PERSONAL NAME
Personal name Stephen Arkuway
245 ## - TITLE STATEMENT
Title Leadership:-KamYab Zindagi Ki Philosophy (urdu)
Statement of responsibility, etc. Stephen Arkuway
Medium Urdu
260 ## - PUBLICATION, DISTRIBUTION, ETC.
Place of publication, distribution, etc. Lahore
Name of publisher, distributor, etc. Takhleeqat
Date of publication, distribution, etc. 2010
300 ## - PHYSICAL DESCRIPTION
Extent 440 p
600 ## - SUBJECT ADDED ENTRY--PERSONAL NAME
Personal name Tahir Mansoor Farooqui
942 ## - ADDED ENTRY ELEMENTS (KOHA)
Institution code [OBSOLETE] caenust
Call number prefix 303.34 FAR
Holdings
Withdrawn status Lost status Damaged status Not for loan Collection code Permanent Location Current Location Date acquired Total Checkouts Full call number Barcode Date last seen Price effective from Koha item type
          College of Aeronautical Engineering (CAE) College of Aeronautical Engineering (CAE) 04/03/2017   303.34 FAR CAE82131 04/05/2017 04/05/2017 Book
© 2023 Central Library, National University of Sciences and Technology. All Rights Reserved.